Les 100 plus grandes villes du Centre-Val de Loire sur une carte - Statistiques

Statistiques générales
  • Ce quiz a été pris 392 fois
  • Le résultat moyen est 34 sur 100
Réponses sur la Carte
Les réponses sont colorées sur une échelle allant du rouge au vert en fonction du pourcentage des utilisateurs qui les ont devinées à leur premier essai. Vous pouvez retrouver ces pourcentages ci-dessous.
 
Statistiques - réponses
Population Département Ville % Correct
116 617 45 Orléans
99%
137 658 37 Tours
98%
46 813 41 Blois
95%
63 702 18 Bourges
93%
42 968 36 Châteauroux
93%
38 447 28 Chartres
92%
25 348 18 Vierzon
81%
38 183 37 Joué-lès-Tours
78%
30 879 28 Dreux
78%
15 061 45 Montargis
73%
15 747 41 Vendôme
70%
12 938 37 Amboise
64%
8 052 37 Chinon
63%
18 115 41 Romorantin-Lanthenay
63%
9 094 45 Pithiviers
61%
15 909 37 Saint-Pierre-des-Corps
60%
22 855 45 Olivet
59%
10 992 36 Issoudun
59%
21 700 45 Saint-Jean-de-Braye
56%
16 594 45 Saint-Jean-de-la-Ruelle
56%
9 379 45 Saint-Jean-le-Blanc
56%
12 909 28 Châteaudun
56%
6 180 37 Loches
56%
6 204 36 Le Blanc
53%
21 438 45 Fleury-les-Aubrais
51%
13 387 45 Gien
49%
9 459 18 Saint-Amand-Montrond
49%
4 034 36 La Châtre
47%
9 341 28 Nogent-le-Rotrou
47%
17 004 37 Saint-Cyr-sur-Loire
45%
11 589 37 Chambray-lès-Tours
42%
16 679 45 Saran
42%
5 584 37 La Ville-aux-Dames
33%
11 048 37 Montlouis-sur-Loire
33%
7 598 45 Beaugency
32%
10 325 37 La Riche
32%
6 235 41 Mer
32%
15 000 37 Saint-Avertin
32%
13 267 45 Amilly
28%
15 602 28 Lucé
28%
4 897 41 Salbris
27%
7 625 36 Déols
26%
4 848 36 Argenton-sur-Creuse
25%
5 549 28 Épernon
25%
6 567 45 Meung-sur-Loire
25%
5 161 45 Sully-sur-Loire
25%
10 741 37 Fondettes
24%
4 727 37 Château-Renault
23%
10 218 45 La Chapelle-Saint-Mesmin
23%
7 318 45 La Ferté-Saint-Aubin
23%
4 144 37 Sainte-Maure-de-Touraine
23%
12 455 28 Vernouillet
23%
8 217 37 Ballan-Miré
22%
5 280 37 Bléré
22%
4 335 37 Langeais
22%
4 499 28 Maintenon
22%
9 645 18 Saint-Doulchard
22%
8 416 45 Châteauneuf-sur-Loire
21%
4 565 41 Lamotte-Beuvron
21%
7 914 37 Monts
21%
8 067 41 Vineuil
21%
11 057 28 Mainvilliers
20%
5 113 45 Briare
19%
4 737 37 Monnaie
19%
4 717 37 Montbazon
19%
4 191 37 Notre-Dame-d'Oé
19%
7 654 45 Saint-Denis-en-Val
19%
12 728 45 Châlette-sur-Loing
18%
6 419 18 Saint-Florent-sur-Cher
18%
6 448 18 Mehun-sur-Yèvre
17%
6 568 37 Veigné
17%
4 504 36 Buzançais
16%
6 208 37 Esvres
16%
4 497 41 La Chaussée-Saint-Victor
16%
5 075 37 Luynes
16%
4 274 41 Saint-Laurent-Nouan
16%
4 342 41 Selles-sur-Cher
16%
5 476 18 Aubigny-sur-Nère
15%
8 808 45 Chécy
15%
9 755 45 Ingré
15%
4 859 28 Bonneval
14%
6 719 41 Le Controis-en-Sologne
14%
5 840 36 Le Poinçonnet
14%
4 732 37 Véretz
14%
5 609 28 Cloyes-les-Trois-Rivières
13%
8 005 45 Le Malesherbois
13%
6 682 28 Luisant
13%
4 662 45 Jargeau
12%
4 924 18 Saint-Germain-du-Puy
12%
6 185 45 Saint-Pryvé-Saint-Mesmin
12%
6 846 45 Villemandeur
12%
6 288 28 Auneau-Bleury-Saint-Symphorien
11%
5 623 28 Lèves
10%
4 333 45 Ormes
9%
4 089 28 Le Coudray
8%
4 981 45 Neuville-aux-Bois
7%
4 062 28 Saint-Lubin-des-Joncherets
7%
4 205 45 Sandillon
7%
4 057 28 Saint-Rémy-sur-Avre
6%
4 047 45 Chaingy
5%
Aucun quiz correspondant
Distribution des résultats
% des personnes avec chaque résultat
Percentile par nombre de réponses
Votre historique - résultats
Vous n’avez pas pris ce quiz